Stevie Ray Vaughan Songs- Sudden Death - Statistics

General Stats
  • This quiz has been taken 22 times
  • The average score is 12 of 18
Answers on the Grid
Answers color-coded by a green-red scale on the quiz's grid according to % correct below.
Life By The Drop
The Sky Is Crying
Dirty Pool
Mannish Boy
Penny
Give Me Back My Wig
Honey Bee
Lenny
The Well
Hey Joe
Testify
Couldn't Stand The Weather
All Along The Watchtower
Mary Had a Little Lamb
Fade To Black
Scuttle Buttin'
Nightrain
Change It
Wichita Lineman
Life Without You
American Woman
Blues Worse Than I Ever Had
Tight Rope
Hard To Handle
House Is Rockin'
Riveria Paradise
Blood On The Tracks
Crossfire
Lyin' Eyes
Texas Flood
Dazed And Confused
Wham
 
Answer Stats
Answer % Correct
Lenny
100%
Couldn't Stand The Weather
89%
Mary Had a Little Lamb
89%
Crossfire
78%
Dirty Pool
78%
Life By The Drop
78%
Scuttle Buttin'
78%
Texas Flood
78%
Honey Bee
67%
Life Without You
67%
Riveria Paradise
67%
Testify
67%
The Sky Is Crying
67%
Tight Rope
67%
Give Me Back My Wig
56%
House Is Rockin'
56%
Change It
33%
Wham
33%
No matching quizzes found
Score Distribution
Percent of People with Each Score
Percentile by Number Answered
Your Score History
You have not taken this quiz